Game Sound: An Introduction to the History, Theory, and Practice of Video Game Music and Sound Design.
Uloženo v:
| Hlavní autor: | |
|---|---|
| Médium: | Kniha |
| Vydáno: |
Cambridge, Massachusetts, United States:
The MIT Press,
2008.
|
| Témata: | |
| Tagy: |
Přidat tag
Žádné tagy, Buďte první, kdo vytvoří štítek k tomuto záznamu!
|
MARC
| LEADER | 00000nam a22000007a 4500 | ||
|---|---|---|---|
| 003 | CL-VaPUC | ||
| 005 | 20250407202453.0 | ||
| 008 | 250318t2008 ||||| |||| 00| 0 eng d | ||
| 999 | |c 447448 |d 447446 | ||
| 020 | |a 978-0-262-03378-7 | ||
| 040 | |c Pontificia Universidad Católica de Valparaíso | ||
| 082 | |a 781.54 COL 2008 | ||
| 100 | |9 897095 |a Collins, Karen |e author | ||
| 245 | |a Game Sound: |b An Introduction to the History, Theory, and Practice of Video Game Music and Sound Design. | ||
| 260 | |a Cambridge, Massachusetts, United States: |b The MIT Press, |c 2008. | ||
| 300 | |a x, 200 páginas: |b ilustraciones. | ||
| 500 | |a c.1. Instituto Arcos.08-01-2025. | ||
| 583 | |c 20250318 |k Gabriela Rodríguez Cuevas | ||
| 650 | 0 | |9 897096 |a Música de videojuegos |x Historia y crítica | |
| 650 | 0 | |9 897097 |a Diseño de sonido |x Videojuegos | |
| 942 | |2 ddc |c BK |n 0 | ||
| 952 | |0 0 |1 0 |2 ddc |4 0 |6 781_540000000000000_COL_2008 |7 0 |8 A |9 601484 |a BIBINC |b BIBINC |d 2025-03-18 |e Instituto Arcos |i 5666335 |l 3 |o 781.54 COL 2008 |p 5666335 |q 2025-05-21 |r 2025-04-21 |s 2025-04-21 |t 1 |w 2025-03-18 |y BK |k IFP | ||